Dark Souls - Les classes - Statistiques

Statistiques générales
  • Ce quiz a été pris 120 fois
  • Le résultat moyen est 6 sur 10
Statistiques - réponses
Par images Réponse % Correct
Chevalier
96%
Voleur
88%
Guerrier
81%
Clerc
70%
Sorcier
67%
Mendiant
62%
Pyromancien
59%
Bandit
45%
Chasseur
27%
Aventurier
15%
Aucun quiz correspondant
Distribution des résultats
% des personnes avec chaque résultat
Percentile par nombre de réponses
Votre historique - résultats
Vous n’avez pas pris ce quiz